Najwyższe wygrane państw UEFA - Statystyki

Ogólne statystyki
  • Ten quiz został rozwiązany 104 razy
  • Średni wynik to 34 z 55
Statystyki odpowiedzi
Wygrany Wynik Przegrany % Poprawnych
Słowacja 7:0 Liechtenstein|San Marino
99%
Turcja 0:7 Republika Syryjska|Korea Płd.|San Marino
97%
Andora 3:0 San Marino
97%
Belgia 10:1 San Marino
97%
Chorwacja 10:0 San Marino
97%
Czarnogóra 6:0 San Marino
97%
Holandia 11:0 San Marino
97%
Polska 10:0 San Marino
97%
Rosja 9:0 San Marino
97%
Ukraina 9:0 San Marino
97%
Cypr 5:0 Andora
84%
Czechy 8:1 Andora
84%
Azerbejdżan 4:0 Liechtenstein
82%
Bośnia 8: 1 Liechtenstein
82%
Gibraltar 2:0 Liechtenstein
82%
Macedonia 11:1 Liechtenstein
82%
Malta 7:1 Liechtenstein
82%
San Marino 1:0 Liechtenstein
82%
Wyspy Owcze 5:1 Liechtenstein
82%
Szwecja 12:0 Łotwa|Korea Płd.
79%
Estonia 6:0 Litwa
78%
Szwajcaria 9:0 Litwa
78%
Liechtenstein 4:0 Luksemburg
75%
Portugalia 9:0 Luksemburg
75%
Finlandia 10:2 Estonia
73%
Litwa 7:0 Estonia
73%
Łotwa 8:1 Estonia
73%
Francja 14:0 Gibraltar
70%
Anglia 13:0 Irlandia
64%
Szkocja 11:0 Irlandia
64%
Walia 11:0 Irlandia
64%
Niemcy 16:0 Rosja
63%
Austria 9:0 Malta
60%
Irlandia 8:0 Malta
60%
Kosowo 5:0 Malta
60%
Albania 6:1 Cypr
56%
Norwegia 12:0 Finlandia
56%
Rumunia 9:0 Finlandia
56%
Islandia 9:0 Wyspy Owcze
56%
Serbia 8:1 Wyspy Owcze
56%
Irlandia Płn 7:0 Walia
51%
Hiszpania 13:0 Bułgaria
36%
Dania 17:1 Francja
34%
Węgry 13:1 Francja
34%
Włochy 9:0 Usa
33%
Słowenia 7:0 Oman
15%
Kazachstan 7:0 Pakistan
15%
Mołdawia 5:0 Pakistan
15%
Luksemburg 6:0 Afganistan
11%
Grecja 8:0 Syria
11%
Bułgaria 10:0 Ghana
7%
Armenia 7:1 Gwatemala
7%
Białoruś 6:1 Tadżykistan
3%
Gruzja 8:0 Tajlandia
3%
Izrael 9:0 Chińskie Tajpej
1%
Nie znaleziono quizów pasujących do podanych kryteriów
Rozkład punktacji
Procent ludzi z każdym wynikiem
Percentyl według liczby udzielonych odpowiedzi
Twoja historia wyników
Nie rozwiązałeś tego quizu